Aplicacin̤ practica del Cd̤igo Fiscal de la Federacin̤ 2020

Detalles Bibliográficos
Autor principal: Sǹchez Miranda, Arnulfo
Formato: eBook
Lenguaje:español
Publicado: Ciudad de Mx̌ico: Ediciones Fiscales ISEF, 2020
Materias:
Acceso en línea:Acceso restringido

MARC

LEADER 00000nam a22000007a 4500
005 2020052604274.0
007 cr|||| ||||
008 200526s2020 mx |||||s|||| 00||0 spa d
020 |a 978-607-541-202-3 
035 |a 31460 
040 |a vLex 
090 |c 10391  |d 10391 
100 1 |a Sǹchez Miranda, Arnulfo 
245 1 0 |a Aplicacin̤ practica del Cd̤igo Fiscal de la Federacin̤ 2020  |h [Recurso electrn̤ico] /  |c Arnulfo Sǹchez Miranda 
256 |a Servicio en ln̕ea 
260 |a Ciudad de Mx̌ico:  |b Ediciones Fiscales ISEF,  |c 2020 
300 |a 1 recurso electrn̤ico 
500 |a Conozca a travš de esta obra, APLICACION PRℓCTICA DEL CÓDIGO FISCAL, los elementos sustantivos de las contribuciones, derechos y obligaciones tanto de la autoridad fiscal as ̕como de los contribuyentes. Tambiň este tt̕ulo le proporcionar ̀las herramientas bs̀icas para orientar de forma correcta el pago del tributo. Esta es una obra enriquecida con un marco conceptual, prc̀tico y numřico, cuyo contenido es de consulta obligatoria tanto en universidades pb︢licas como privadas y para todos aquellos interesados del contexto tributario. INCLUYE el tema "ESQUEMAS FISCALES REPORTABLES" 
506 1 |a Disponible solo en los productos indicados  |d vLex Global  |d vLex Global (Academic Edition, excluding Law Schools)  |d vLex Global (U.S. Academic Edition, Law Schools)  |d vLex Global (U.S. Academic Edition, excluding Law Schools)  |d vLex Global (Academic Edition, Law Schools) 
650 0 4 |a Derecho Fiscal  |z Mx̌ico 
740 0 |a vLex Libros (Servicio en ln̕ea) 
856 4 0 |u http://vlex.com/source/aplicacion-practica-del-codigo-fiscal-de-la-federacion-2020-31460  |z Acceso restringido 
942 |c BOOK 
999 0 |a Tax Law